• 首页
  • 本馆介绍
  • 公告通知
  • 最新文献
  • 馆藏检索
  • 电子资源
  • 读者导购
  • 参考咨询
  • 我的图书馆
  • 登录
  • 详细信息显示
  • 放入我的书架
  • 随书关联资源信息
  • 预约/预借图书
  • 作者相关作品
  • 分类相关作品
  • 丛书相关作品
  • 出版社相关作品

书目信息

  • 表格格式
  • 工作单格式
  • 卡片格式
题名:
电路设计与制板
    
 
作者: 王力 , 张伟 编著
分册:  
出版信息: 北京   人民邮电出版社  2006
页数: 264页
开本: 26cm
丛书名:
单 册:
中图分类: TN410.2
科图分类:
主题词: 印制电路--计算机辅助设计--应用软件
电子资源:
ISBN: 978-7-115-15406-4
000 01085nam0 2200301 450
001 012004089621
005 20080229101822.50
009 012004089621
010    @a978-7-115-15406-4@dCNY32.00
035    @a(110019)012006120805
100    @a20071124e20072006em y0chiy0110 ea
101 0  @achi
102    @aCN@b110000
105    @ay z 000yy
106    @ar
200 1  @a电路设计与制板@Adian lu she ji yu zhi ban@eProtel 99 SE典型实例@f王力, 张伟编著
210    @a北京@c人民邮电出版社@d2006@h2007重印
215    @a264页@d26cm@e1光盘
307    @a附光盘:ISBN 7-89488-297-6
330    @a本书通过典型实例,介绍了电路板设计过程中一些比较实用的操作方法,其中涵盖了设计项目文件的管理、电路原理图的绘制、元器件原理图符号及符号库的创建、元器件封装及封装库的创建、印刷电路板的绘制等操作。
517 1  @aProtel 99 SE典型实例@AProtel 99 SE dian xing shi li
606 0  @a印制电路@x计算机辅助设计@x应用软件
610 0  @aProtel
690    @aTN410.2@v4
701  0 @a王力@Awang li@4编著
701  0 @a张伟@Azhang wei@4编著
801  0 @aCN@b110019@c20080229
905    @dTN410.2@e122@f4
    
    电路设计与制板:Protel 99 SE典型实例/王力, 张伟编著.-北京:人民邮电出版社,2006(2007重印)
    264页;26cm+1光盘
    
    
    ISBN 978-7-115-15406-4:CNY32.00
    本书通过典型实例,介绍了电路板设计过程中一些比较实用的操作方法,其中涵盖了设计项目文件的管理、电路原理图的绘制、元器件原理图符号及符号库的创建、元器件封装及封装库的创建、印刷电路板的绘制等操作。
●
相关链接 在E读中查询图书 在五车中查询图书 在当当中查询图书 在豆瓣中查询图书


正题名:电路设计与制板     索取号:TN410.2/122         预约/预借

序号 登录号 条形码 馆藏地/架位号 状态 备注
1 0793160   207931602   第二样本阅览室/ [索取号:TN410.2/122] 在馆    
2 0793161   207931611   第三借阅区/ [索取号:TN410.2/122] 在馆    
3 0793162   207931620   第三借阅区/ [索取号:TN410.2/122] 在馆    
4 0793163   207931639   第三借阅区/ [索取号:TN410.2/122] 在馆    

本书有关联资源:

1 .光盘  /ISO  :电路设计与制板 /王力, 张伟编著 下载
唐山师范学院图书馆 欢迎您!
大连网信软件有限公司© 版权所有